00705nam a2200193 a 4500001001000000003000400010005001700014008004100031040002500072082000900097110008800106245011000194260005500304300002700359500003200386700003300418700002800451700003200479000028241OSt20240229073821.0110407s2000 dr c 000 0 spa d aDO-SdBNPbspacBNPHU axxxx1 aRepública Dominicana.bSuprema Corte de Justicia.bDepartamento de Capacitación10aCursos de capacitación 1999 /cJorge A. Subero Isa, Rafael Camilo Amarante, Zoraya Lisette Castellanos. aSanto Domingo :bSuprema Corte de Justicia,c2000. av. :bretrs. ;c21 cm. aLa biblioteca posee el v. 212aSubero Isa, Jorge A.,d1947-12aCamilo Amarante, Rafael12aCastellanos, Zoraya Lisette